000 00287nam a2200109Ia 4500
008 220120s9999||||xx |||||||||||||| ||und||
100 _aMajumder, Dighe and Pusalkar
_911706
245 0 _aClassical age
260 _aBVB Publications
_bMandya
_c1997
300 _b0
650 _aGENERAL BOOKS
999 _c136926
_d136926